000 00609nam a2200229Ia 4500
003 0100
008 130227s9999 xx 000 0 und d
040 _cARRUPELIB
050 _aRB155.8.I61 1997
100 _aMuller, Stefan
245 _aInterdisciplinary Approaches to Gene Therapy
245 _bLegal, Ethical and Scientific Aspects
260 _aBerlin
260 _bSpringer
260 _C1997
300 _aix
300 _b 292p. 24cm.
650 _bAnalysis (Philosophy)
650 _cKant, Immanuel, 1724-1804
650 _dHegel, Georg Wilhelm Friedrich, 1770-1831.
942 _2lcc
_01
999 _c7317
_d7317